00278nam a2200121Ia 4500008004100000100002100041245002500062260002700087300000800114650001000122942000700132999001700139190216s9999||||xx |||||||||||||| ||und|| aVishnu Prabhakar 0aHindi-Mukth Gaganmem b"Rajpal & Sons, Delhi" a222 aHindi cBK c16349d16349